|
|
|
|
| LEADER |
01281pmm a22003978a 4500 |
| 001 |
00034287 |
| 005 |
20171026081025.0 |
| 008 |
160609s2006 ||||||Engsd |
| 020 |
# |
# |
|c 72000
|
| 041 |
0 |
# |
|a Eng
|
| 082 |
1 |
4 |
|a 428
|b T550H
|
| 100 |
1 |
# |
|a Allen, Christopher B.
|
| 245 |
1 |
0 |
|h nguồn liệu điện tử]
|a Tự học đàm thoại tiếng Anh
|c Christopher B. Allen; Nguyễn Thành Yến (dịch)
|b More automatic English speaking. Tập 4. I'm lost! Can you help me?
|
| 260 |
# |
# |
|c 2006
|a T.P. Hồ Chí Minh
|b Tổng hợp T.P. Hồ Chí Minh
|
| 300 |
# |
# |
|a 1 CD
|c 43/4 inch.
|e sách
|
| 500 |
# |
# |
|a Học tiếng Anh theo đĩa hình. Homecollege
|
| 653 |
# |
# |
|a Luyện nói
|
| 653 |
# |
# |
|a Ngôn ngữ
|
| 653 |
# |
# |
|a Đĩa CD
|
| 653 |
# |
# |
|a Tự học
|
| 653 |
# |
# |
|a Tiếng Anh
|
| 700 |
1 |
# |
|a Nguyễn, Thành Yến
|e dịch
|
| 852 |
# |
# |
|b Kho giáo trình
|j KGT.0050412
|
| 852 |
# |
# |
|j DPT.0003600
|b Kho đa phương tiện
|
| 852 |
# |
# |
|j DPT.0003600
|
| 852 |
# |
# |
|b Kho đọc
|j KD.0017746
|
| 910 |
0 |
# |
|d 09/06/2016
|
| 980 |
# |
# |
|a Trung tâm Học liệu Lê Vũ Hùng, Trường Đại học Đồng Tháp
|